000 00564cam a2200205 4500
001 ABS62340
008 000000n2000 000 0 eng u
035 _a(Sirsi) u105967
100 _aTinworth, A.
245 2 _aA surveyor asks: why the internet?
260 _c2000
490 _aEstates Gazette
_v(0018) 6 May 2000, 138-139(2)
520 _aOffers advice on website development as a marketing tool.
590 _aABS
650 _aE-COMMERCE
650 _aWEB SITES
650 _aMARKETING
690 _aINFORMATION TECHNOLOGY-INTERNET
942 _n0
999 _c63449
_d63449